000 00565nam a2200181Ia 4500
008 100920s9999 xx 000 0 und d
082 _b46850
_a--- थ 83
100 _aनाईक वसंत.
245 _aयक्षप्रश्न.
260 _bप्रिया प्रकाशन,मुंबई 4.
_c1983
300 _a208
_bसाधी
365 _b36
520 _aकादंबरी.
630 _aयक्षप्रश्न.
650 _aकादंबरी.
730 _aयक्षप्रश्न.
942 _cBOOK
999 _c694488
_d694485